Turkish politics in a changing world (Record no. 9785)

MARC details
000 -BAŞLIK
Sabit Uzunlukta Kontrol Alanı 01025na a2200313 4500
001 - KONTROL NUMARASI
Denetim Alanı 17849
003 - KONTROL NUMARASI IDENTIFIER
Denetim Alanı MIRAKIL
005 - SON İŞLEM TARİHİ VE ZAMANI
Denetim Alanı 20181213155256.0
008 - SABİT-BOY VERİ ELEMANLARI - GENEL BİLGİLER
Sabit Uzunlukta Kontrol Alanı 161107b tu 000 0
020 ## - ULUSLARARASI STANDART KİTAP NUMARASI
Uluslararası Standart Kitap Numarası 9786053990055
035 ## - SİSTEM KONTROL NUMARASI
Sistem Kontrol Numarası 17849
040 ## - KATALOGLAMA KAYNAK
Orijinal Kataloglama Ajansı Milas
Kataloglama Dili tur
Metne Dönüştürmek Ajansı TR-AnCHP
041 ## - DİL KODU
Metin / Ses Parça Veya Ayrı Başlığın Dil Kodu eng
082 ## - DEWEY ONLU SINIFLANDIRMA NUMARASI
Sınıflandırma Numarası 338.91
Ürün Numarası K39t 2008
090 ## - SINIFLAMA NUMARASI
Sınıflama Numarası 338.91 K39t 2008
100 ## - ANA GİRİŞ - KİŞİSEL İSİM
Kişisel Ad Keyman, Emin Fuat
245 ## - BAŞLIK TABLOSU
Başlık Turkish politics in a changing world
Başlığın Kalan Global dynamics and domestic transformation
Sorumluluk Tablosu, Vb Emin Fuat Keyman, Ziya Öniş
246 ## - UNVAN FORM VARYING
Başlık Doğru / Kısa Başlığı Global dynamics and domestic transformation
260 ## - YAYIN, DAĞITIM, VB
Yayın, Dağıtım, Vb Yeri İstanbul
Yayıncı, Dağıtıcı, Vs Adı İstanbul Bilgi Üniversitesi Yayınları
Yayın, Dağıtım, Vb Tarihi 2007
300 ## - FİZİKSEL TANIM
Kapsam 342 s.
Diğer Fiziksel Ayrıntıları res.
Boyutlar 24 sm.
440 ## - SERİSİ TABLOSU / KATMA GİRİŞİ - BAŞLIK
Başlık İstanbul Üniversty Press
Hacim / Ardışık Tanımı 184
490 ## - SERİSİ TABLOSU
Seri Beyanı Political science
Hacim / Ardışık Tanımı 1
504 ## - KAYNAKÇA VB NOT
Kaynakça Vb Notu Kaynakça ve dizin var.
650 ## - KONU KATMA GİRİŞ - TOPİKAL DÖNEM
Topikal Süreli Veya Coğrafi Ad Giriş Elemanı Küreselleşme
Genel Alt Bölümü Siyasal açı
Coğrafi Alt Bölümü Türkiye
650 ## - KONU KATMA GİRİŞ - TOPİKAL DÖNEM
Topikal Süreli Veya Coğrafi Ad Giriş Elemanı Küreselleşme
Genel Alt Bölümü Ekonomik açı
Coğrafi Alt Bölümü Türkiye
651 ## - KONU KATMA GİRİŞ - COĞRAFİ ADI
Coğrafi İsim Türkiye
Genel Alt Bölümü Siyaset ve yönetim
700 ## - KATMA GİRİŞ - KİŞİSEL İSİM
Kişisel Ad Öniş, Ziya
942 ## - EKLENDİ GİRİŞ ELEMANLARI (KOHA)
Sınıflandırma Veya Raf Düzeni Kaynak Dewey Decimal Classification
Koha Öğesi Türü Books
999 ## - SİSTEM KONTROL NUMARALARI (KOHA)
Koha Biblionumber 9785
Koha Biblioitemnumber 9785
Holdings
Kalıcı Konum Mevcut Konum Edinme Tarihi Edinim Kaynak Toplam Check-Out'Lar Tam Çağrı Numarası Barkod Tarih Son Görülme İtibaren Geçerli Fiyatlar Koha Öğesi Türü
CHP Kütüphanesi CHP Kütüphanesi 11/07/2016 Bağış   338.91 K39t 2008 008389 11/07/2016 11/07/2016 Books